International Journal of Human Resource Management

Guardado en:
Detalles Bibliográficos
Formato: Seriadas
Lenguaje:inglés
Publicado: London Taylor & Francis
Etiquetas: Agregar Etiqueta
Sin Etiquetas, Sea el primero en etiquetar este registro!

MARC

LEADER 00000nas1a2200000 4500
001 0272016
005 20250701092101.4
022 |a 1466-4399 
022 |a 0958-5192 
041 0 |a eng 
044 |a GB 
245 1 0 |a International Journal of Human Resource Management 
264 1 |a London  |b Taylor & Francis